[Event "SK Bocholt 1 - SV Heiden 1"]
[Site "Verbandsliga 2015/2016"]
[Date "2016.01.16"]
[Round "5.1"]
[White "Berger, Alfred"]
[Black "Fuest, Martin"]
[Result "1/2-1/2"]
[WhiteElo "1983"]
[BlackElo "2157"]
[PlyCount "27"]
[EventDate "2016.??.??"]
[SourceDate "2015.09.20"]

1. e4 d5 2. exd5 Qxd5 3. Nc3 Qd6 4. d4 Nf6 5. Nf3 a6 6. Bd3 Nc6 7. O-O Bg4 8.
h3 Bh5 9. Ne4 Nxe4 10. Bxe4 O-O-O 11. c3 Bg6 12. Qc2 Bxe4 13. Qxe4 f6 14. b4
1/2-1/2

[Event "SK Bocholt 1 - SV Heiden 1"]
[Site "Verbandsliga 2015/2016"]
[Date "2016.01.16"]
[Round "5.2"]
[White "Liesmann, Karsten"]
[Black "Wienen, Hermann"]
[Result "1/2-1/2"]
[WhiteElo "1987"]
[BlackElo "1955"]
[PlyCount "64"]
[EventDate "2016.??.??"]
[SourceDate "2015.09.20"]

1. d4 e6 2. Nf3 Nf6 3. e3 b6 4. Bd3 Bb7 5. Nbd2 d5 6. O-O Nbd7 7. b3 Bd6 8. Bb2
O-O 9. c4 Qe7 10. Ne5 Rfd8 11. f4 c5 12. Qe2 Ne4 13. Bxe4 dxe4 14. Rad1 f6 15.
Ng4 f5 16. Ne5 cxd4 17. exd4 Nxe5 18. fxe5 Ba3 19. Bxa3 Qxa3 20. Nb1 Qb4 21.
Qe3 Qe7 22. Nc3 a6 23. d5 exd5 24. Rxf5 dxc4 25. bxc4 Rxd1+ 26. Nxd1 Qe6 27.
Qf2 Rd8 28. Ne3 g6 29. Qg3 Rd3 30. Rf6 Qe7 31. Rd6 Qc7 32. Qf4 Rxd6 1/2-1/2

[Event "SK Bocholt 1 - SV Heiden 1"]
[Site "Verbandsliga 2015/2016"]
[Date "2016.01.16"]
[Round "5.3"]
[White "Ehrlich, Hans-Georg"]
[Black "Naumann, Felix"]
[Result "1-0"]
[WhiteElo "1804"]
[BlackElo "1805"]
[PlyCount "85"]
[EventDate "2016.??.??"]
[SourceDate "2015.09.20"]

1. b4 e5 2. Bb2 Bxb4 3. Bxe5 Nf6 4. a3 Ba5 5. c4 O-O 6. Nf3 Re8 7. e3 d5 8. Bc3
c5 9. Bxa5 Qxa5 10. cxd5 Nxd5 11. Bc4 Nb6 12. Be2 Nc6 13. O-O Bf5 14. Nc3 Rad8
15. Qb3 Nd4 16. exd4 cxd4 17. Bb5 dxc3 18. Bxe8 Rxe8 19. Qxc3 Qd5 20. Qd4 Qb3
21. Rfe1 Rf8 22. Qf4 Bc2 23. Qb4 Qd3 24. Re3 Qd8 25. Qc5 Bg6 26. Rae1 Nd5 27.
Re5 Nf4 28. Qe7 Qc8 29. Qe8 f6 30. Qxc8 Rxc8 31. Re7 Nd3 32. Ra1 Rb8 33. Nh4
Bf7 34. Rb1 Nc5 35. d4 Kf8 36. Rc7 Nb3 37. Nf5 a6 38. Nd6 Bd5 39. Nf5 Bf7 40.
Re1 Bg6 41. Nxg7 Nxd4 42. Ne6+ Nxe6 43. Rxe6 1-0

[Event "SK Bocholt 1 - SV Heiden 1"]
[Site "Verbandsliga 2015/2016"]
[Date "2016.01.16"]
[Round "5.4"]
[White "Hunhoff, Sebastian"]
[Black "Sicking, Norbert"]
[Result "1/2-1/2"]
[WhiteElo "1894"]
[BlackElo "1780"]
[PlyCount "61"]
[EventDate "2016.??.??"]
[SourceDate "2015.09.20"]

1. c4 g6 2. Nc3 Bg7 3. e4 Nc6 4. Nge2 e5 5. g3 Nge7 6. Bg2 O-O 7. O-O d6 8. h3
Bd7 9. d3 Qc8 10. Kh2 a6 11. Be3 f5 12. f4 exf4 13. gxf4 fxe4 14. dxe4 Be6 15.
c5 Rd8 16. Qe1 d5 17. exd5 Nxd5 18. Nxd5 Bxd5 19. Nc3 Bxg2 20. Kxg2 Qf5 21. Qe2
Rd3 22. Rad1 Rad8 23. Rxd3 Qxd3 24. Rc1 Qxe2+ 25. Nxe2 Rd3 26. Kf2 Nb4 27. Nc3
Rd7 28. Ke2 Re7 29. Kd2 Rd7+ 30. Ke2 Re7 31. Kd2 1/2-1/2

[Event "SK Bocholt 1 - SV Heiden 1"]
[Site "Verbandsliga 2015/2016"]
[Date "2016.01.16"]
[Round "5.5"]
[White "Vestrick, Frank"]
[Black "Steiner, Karl"]
[Result "0-1"]
[WhiteElo "1763"]
[BlackElo "1919"]
[PlyCount "58"]
[EventDate "2016.??.??"]
[SourceDate "2015.09.20"]

1. d4 d5 2. c4 e6 3. Nc3 Nf6 4. Nf3 Be7 5. Bg5 O-O 6. e3 Nbd7 7. Rc1 c6 8. Bd3
a6 9. O-O dxc4 10. Bxc4 b5 11. Bd3 c5 12. Qe2 Bb7 13. Rfd1 Qb6 14. Bb1 Rfe8 15.
Rd2 Rad8 16. Rcd1 cxd4 17. Nxd4 Ne5 18. Bxf6 Bxf6 19. Ne4 Be7 20. Qh5 Nc4 21.
Ng5 Bxg5 22. Qxh7+ Kf8 23. Qh8+ Ke7 24. Qxg7 Bf6 25. Qh6 Nxd2 26. Rxd2 Rg8 27.
g3 Bxd4 28. exd4 Rxd4 29. Qe3 Rxd2 0-1

[Event "SK Bocholt 1 - SV Heiden 1"]
[Site "Verbandsliga 2015/2016"]
[Date "2016.01.16"]
[Round "5.6"]
[White "Robeling, Stephan"]
[Black "Wetter, Ralf"]
[Result "0-1"]
[WhiteElo "1869"]
[BlackElo "1857"]
[PlyCount "73"]
[EventDate "2016.??.??"]
[SourceDate "2015.09.20"]

1. d4 Nf6 2. c4 g6 3. Nc3 Bg7 4. Bf4 Nh5 5. Bc1 O-O 6. e3 d6 7. Be2 Nf6 8. Nf3
b6 9. O-O Bb7 10. b4 c5 11. bxc5 bxc5 12. Rb1 Qc7 13. Qb3 Bc8 14. dxc5 Qxc5 15.
Ba3 Qc7 16. Nd5 Qd8 17. Rfd1 Bf5 18. Bd3 Bxd3 19. Rxd3 Nc6 20. Qa4 Rc8 21. c5
Rb8 22. Rbd1 Nxd5 23. Rxd5 Rc8 24. cxd6 exd6 25. Rxd6 Qb6 26. Rc1 Rfd8 27. h3
Rxd6 28. Bxd6 Qb7 29. Nd4 Nxd4 30. Rxc8+ Qxc8 31. exd4 a6 32. d5 h6 33. Qc6 Qf5
34. Bg3 Bd4 35. Qe8+ Kg7 36. d6 Qg5 37. h4 0-1

[Event "SK Bocholt 1 - SV Heiden 1"]
[Site "Verbandsliga 2015/2016"]
[Date "2016.01.16"]
[Round "5.7"]
[White "Niewerth, Gerd"]
[Black "Hunhoff, Andreas"]
[Result "1/2-1/2"]
[WhiteElo "1758"]
[BlackElo "1848"]
[PlyCount "90"]
[EventDate "2016.??.??"]
[SourceDate "2015.09.20"]

1. e4 e5 2. Nf3 d6 3. d4 exd4 4. Nxd4 Be7 5. Nc3 Nf6 6. Be2 Bd7 7. Bg5 Nxe4 8.
Bxe7 Qxe7 9. Nxe4 Qxe4 10. O-O Nc6 11. Nxc6 Qxc6 12. Bf3 Qb6 13. Qe2+ Be6 14.
Bd5 Kd7 15. Bxe6+ fxe6 16. Rfe1 Rae8 17. c4 Rhf8 18. b4 Qxb4 19. Rab1 Qc5 20.
Rxb7 Rf4 21. Rc1 Ref8 22. Rb2 h5 23. Rcc2 h4 24. h3 R8f5 25. Rb5 Qd4 26. Rxf5
Rxf5 27. Rd2 Qe5 28. Qd1 Rf4 29. Qa4+ Ke7 30. Rd1 Qc5 31. Qc2 Rxc4 32. Qg6 Qe5
33. Qd3 Re4 34. Rf1 Re1 35. Qc4 c5 36. Qxh4+ Kf7 37. Qa4 Rxf1+ 38. Kxf1 Qa1+
39. Ke2 Qb2+ 40. Ke3 Qc3+ 41. Ke2 d5 42. Qd7+ Kf6 43. Qd8+ Kf5 44. Qf8+ Qf6 45.
Qxc5 Qb2+ 1/2-1/2

[Event "SK Bocholt 1 - SV Heiden 1"]
[Site "Verbandsliga 2015/2016"]
[Date "2016.01.16"]
[Round "5.8"]
[White "Wüstnienhaus, Andreas"]
[Black "Kloster, Elisabeth"]
[Result "1-0"]
[WhiteElo "1912"]
[BlackElo "1732"]
[PlyCount "66"]
[EventDate "2016.??.??"]
[SourceDate "2015.09.20"]

1. d4 Nf6 2. c4 g6 3. Nc3 Bg7 4. g3 d6 5. Nf3 O-O 6. Bg2 Nbd7 7. O-O Re8 8. e4
e5 9. h3 exd4 10. Nxd4 Ne5 11. b3 Bd7 12. Be3 a6 13. Qc2 Qc8 14. Kh2 Rb8 15.
Rac1 h6 16. Nd5 Kh7 17. Rfe1 Nxd5 18. cxd5 c5 19. dxc6 bxc6 20. Red1 c5 21. Ne2
Rb6 22. f4 Nc6 23. Qd2 Nb8 24. Bd4 Qd8 25. Bxg7 Kxg7 26. Nc3 Be6 27. e5 Nc6 28.
Qxd6 Qc8 29. Qxc5 Qc7 30. Na4 Bxb3 31. axb3 Rxb3 32. Qxc6 Qe7 33. Rd7 Qb4 1-0

[Event "SC Rochade Emsdetten 2 - SC Falke Saerb"]
[Site "Verbandsliga 2015/2016"]
[Date "2016.01.16"]
[Round "5.1"]
[White "Hegemann, Eike"]
[Black "Böhlich, Daniel"]
[Result "0-1"]
[WhiteElo "1985"]
[BlackElo "1895"]
[PlyCount "90"]
[EventDate "2016.??.??"]
[SourceDate "2015.09.20"]

1. e4 c5 2. Nf3 Nc6 3. Bb5 d6 4. O-O Bd7 5. Re1 Nf6 6. c3 a6 7. Bf1 Bg4 8. d4
cxd4 9. cxd4 d5 10. e5 Nd7 11. Nc3 e6 12. Be3 Be7 13. h3 Bh5 14. g4 Bg6 15. Ne2
Nb4 16. Nf4 Be4 17. Nd2 g5 18. Ng2 Bg6 19. f4 Rc8 20. Re2 Bc2 21. Qe1 Bd3 22.
Qf2 Bxe2 23. Bxe2 Nc2 24. Rf1 Nxe3 25. Nxe3 gxf4 26. Qxf4 Rf8 27. Nf3 Qa5 28.
Bd3 Qxa2 29. Bxh7 Qxb2 30. g5 Rc1 31. Ng4 Rxf1+ 32. Kxf1 a5 33. Nf6+ Bxf6 34.
exf6 Qb6 35. Qc1 Kd8 36. h4 Qb4 37. h5 a4 38. Ne5 a3 39. Nd3 Qd6 40. Nc5 Nxc5
41. dxc5 Qa6+ 42. Ke1 a2 43. Qa1 Qc4 44. Qe5 Kc8 45. g6 Qe4+ 0-1

[Event "SC Rochade Emsdetten 2 - SC Falke Saerb"]
[Site "Verbandsliga 2015/2016"]
[Date "2016.01.16"]
[Round "5.2"]
[White "Lücke, Thomas"]
[Black "Fischer, Andreas"]
[Result "1/2-1/2"]
[WhiteElo "1801"]
[BlackElo "1952"]
[PlyCount "34"]
[EventDate "2016.??.??"]
[SourceDate "2015.09.20"]

1. Nf3 d5 2. g3 Nf6 3. Bg2 c6 4. O-O g6 5. d3 Bg7 6. Nbd2 O-O 7. e4 dxe4 8.
dxe4 Nfd7 9. Re1 Qc7 10. Nc4 b5 11. Ne3 Nb6 12. c3 e5 13. Qc2 Na6 14. b3 Rd8
15. Ba3 Bb7 16. Rad1 Rxd1 17. Rxd1 Rd8 1/2-1/2

[Event "SC Rochade Emsdetten 2 - SC Falke Saerb"]
[Site "Verbandsliga 2015/2016"]
[Date "2016.01.16"]
[Round "5.3"]
[White "Hoge, Reinhard"]
[Black "Hedwig, Johannes"]
[Result "1-0"]
[WhiteElo "1927"]
[BlackElo "1809"]
[PlyCount "119"]
[EventDate "2016.??.??"]
[SourceDate "2015.09.20"]

1. c4 e5 2. g3 g6 3. Bg2 Bg7 4. Nc3 Ne7 5. e4 d6 6. Nge2 Be6 7. d3 c5 8. O-O
Qd7 9. Nd5 Nxd5 10. cxd5 Bh3 11. Be3 h5 12. f3 Bxg2 13. Kxg2 h4 14. g4 f5 15.
h3 f4 16. Bd2 g5 17. b4 Na6 18. a3 b6 19. Qb3 O-O 20. b5 Nc7 21. a4 Rfb8 22.
Rfb1 Qe8 23. Nc3 Bf6 24. Nd1 Qc8 25. Nb2 Ne8 26. Nc4 Kf8 27. Ra3 Bd8 28. a5 Ke7
29. Bc3 Bc7 30. Qb2 Kf6 31. Rba1 Qb7 32. Rb3 Qc8 33. Ra4 Qb7 34. Qa1 bxa5 35.
Bxa5 Bb6 36. Bc3 Qc8 37. Ra6 Qd8 38. Rba3 Nc7 39. Bxe5+ Kg6 40. Nxb6 Nxa6 41.
Nxa8 Nb4 42. Rxa7 dxe5 43. Qxe5 Qf6 44. Qxf6+ Kxf6 45. Nc7 Nxd3 46. Ra6+ Ke5
47. Re6+ Kd4 48. d6 Ne5 49. d7 Rd8 50. Rd6+ Ke3 51. Nd5+ Ke2 52. Nf6 Nxf3 53.
e5 Nd4 54. Ne4 f3+ 55. Kg1 Ke1 56. Rxd4 cxd4 57. e6 Rf8 58. e7 f2+ 59. Nxf2
Rxf2 60. e8=Q+ 1-0

[Event "SC Rochade Emsdetten 2 - SC Falke Saerb"]
[Site "Verbandsliga 2015/2016"]
[Date "2016.01.16"]
[Round "5.4"]
[White "Hemmers, Dieter"]
[Black "Waltermann, Jens"]
[Result "0-1"]
[WhiteElo "1799"]
[BlackElo "1837"]
[PlyCount "70"]
[EventDate "2016.??.??"]
[SourceDate "2015.09.20"]

1. e4 g6 2. d4 Bg7 3. Nc3 d6 4. Be3 c6 5. Bd3 Nf6 6. h3 O-O 7. Nf3 Re8 8. O-O
Qc7 9. Re1 e5 10. dxe5 dxe5 11. Qd2 Nbd7 12. Rad1 b5 13. a3 a6 14. Bf1 Bb7 15.
Bg5 Rad8 16. Qe3 c5 17. Nd2 Nf8 18. Ne2 Ne6 19. c3 Nxg5 20. Qxg5 Nxe4 21. Nxe4
Bxe4 22. Ng3 Bc6 23. Qe3 c4 24. a4 f5 25. axb5 axb5 26. Qe2 Rxd1 27. Rxd1 Rd8
28. Rb1 Qf7 29. Qc2 Bh6 30. Rd1 Rxd1 31. Qxd1 Qd5 32. Qe2 f4 33. Nh1 e4 34. Qg4
Bd7 35. Qh4 Bg5 0-1

[Event "SC Rochade Emsdetten 2 - SC Falke Saerb"]
[Site "Verbandsliga 2015/2016"]
[Date "2016.01.16"]
[Round "5.5"]
[White "Lutterbey, Ralf"]
[Black "Nöring, Andreas"]
[Result "1/2-1/2"]
[WhiteElo "1882"]
[BlackElo "1833"]
[PlyCount "39"]
[EventDate "2016.??.??"]
[SourceDate "2015.09.20"]

1. e4 c6 2. d4 d5 3. c4 dxe4 4. Nc3 Nf6 5. f3 exf3 6. Nxf3 Bg4 7. Be3 Nbd7 8.
Be2 e6 9. O-O Bd6 10. Qb3 Qb6 11. Qc2 Qc7 12. h3 Bf5 13. Bd3 Bxd3 14. Qxd3 O-O
15. Ng5 h6 16. Nge4 Nxe4 17. Nxe4 f5 18. Nxd6 Qxd6 19. Rad1 Rae8 20. Qb3
1/2-1/2

[Event "SC Rochade Emsdetten 2 - SC Falke Saerb"]
[Site "Verbandsliga 2015/2016"]
[Date "2016.01.16"]
[Round "5.6"]
[White "Fehlings, Gerd"]
[Black "Schröter, Manfred"]
[Result "1/2-1/2"]
[WhiteElo "1735"]
[BlackElo "1844"]
[PlyCount "128"]
[EventDate "2016.??.??"]
[SourceDate "2015.09.20"]

1. c4 Nf6 2. Nc3 g6 3. g3 Bg7 4. Bg2 O-O 5. d3 c6 6. e4 Na6 7. Nge2 Nc7 8. Bf4
Nh5 9. Be3 d6 10. h3 Be6 11. O-O Qd7 12. Kh2 a6 13. Qd2 d5 14. cxd5 cxd5 15. d4
Nf6 16. e5 Ne4 17. Nxe4 dxe4 18. Nc3 Rad8 19. Nxe4 Bd5 20. Nc5 Qc6 21. Bxd5
Qxd5 22. f4 f6 23. Qg2 b6 24. Ne4 Ne6 25. Rfd1 fxe5 26. fxe5 Nc7 27. Nc3 Qxg2+
28. Kxg2 Nd5 29. Nxd5 Rxd5 30. Rd2 Rfd8 31. Rad1 Kf7 32. Kf3 Ke6 33. Ke4 R8d7
34. Bf4 Rd8 35. Rc1 Bxe5 36. Bxe5 Rxe5+ 37. dxe5 Rxd2 38. Rc6+ Kf7 39. Rxb6 a5
40. a4 Re2+ 41. Kf4 Rd2 42. b3 Rd4+ 43. Ke3 Rd1 44. Rb5 Rg1 45. Kf4 Rf1+ 46.
Kg4 Rb1 47. Rxa5 Rxb3 48. Ra6 Rb4+ 49. Kg5 Kg7 50. g4 h6+ 51. Kh4 Re4 52. e6
Re3 53. g5 Re4+ 54. Kg3 hxg5 55. a5 Ra4 56. Ra8 Kf6 57. a6 Kxe6 58. a7 Ke5 59.
Kf3 Ke6 60. Ke3 Ke5 61. Kd3 e6 62. Kc3 Ke4 63. Kb3 Ra1 64. Kc4 e5 1/2-1/2

[Event "SC Rochade Emsdetten 2 - SC Falke Saerb"]
[Site "Verbandsliga 2015/2016"]
[Date "2016.01.16"]
[Round "5.7"]
[White "Bartsch, Rainer"]
[Black "Colmer, Willi"]
[Result "1-0"]
[WhiteElo "1787"]
[BlackElo "1775"]
[PlyCount "61"]
[EventDate "2016.??.??"]
[SourceDate "2015.09.20"]

1. d4 Nf6 2. Nf3 g6 3. Nbd2 d5 4. e3 Bg7 5. Bd3 O-O 6. O-O Re8 7. Ne5 Nbd7 8.
f4 e6 9. c3 c5 10. Qf3 Qc7 11. g4 b6 12. Rf2 Bb7 13. g5 Nh5 14. Nf1 f5 15. gxf6
Nhxf6 16. Ng3 Rf8 17. Bd2 Nxe5 18. dxe5 Ne4 19. Nxe4 dxe4 20. Bxe4 Bxe4 21.
Qxe4 Rad8 22. Qc4 Qe7 23. Raf1 Kh8 24. Qa4 Rf5 25. Rg2 Rd5 26. c4 Rd7 27. Bc3
Qd8 28. Qc6 Qe7 29. a3 Qf7 30. Qa4 Bxe5 31. Bxe5+ 1-0

[Event "SC Rochade Emsdetten 2 - SC Falke Saerb"]
[Site "Verbandsliga 2015/2016"]
[Date "2016.01.16"]
[Round "5.8"]
[White "Schmidt, Frank"]
[Black "Rogowski, Friedrich"]
[Result "1-0"]
[WhiteElo "1612"]
[BlackElo "1657"]
[PlyCount "79"]
[EventDate "2016.??.??"]
[SourceDate "2015.09.20"]

1. Nf3 g6 2. e4 Bg7 3. Bc4 c6 4. Nc3 d5 5. exd5 b5 6. Bb3 b4 7. Ne2 cxd5 8. d4
Nf6 9. Ne5 O-O 10. O-O Bb7 11. a3 bxa3 12. Rxa3 Nbd7 13. Nxd7 Nxd7 14. Bf4 Nb6
15. Qa1 a6 16. c3 Qd7 17. Ra5 Rac8 18. h3 Nc4 19. Bxc4 dxc4 20. Be5 f6 21. Bg3
Kh8 22. f3 Rfe8 23. Qc1 e5 24. dxe5 fxe5 25. Rd1 Qc7 26. Ra1 Rcd8 27. Qg5 Rxd1+
28. Rxd1 Qb6+ 29. Bf2 Qxb2 30. Rd8 Qb5 31. Qe7 Bc6 32. f4 Rxd8 33. Qxd8+ Be8
34. fxe5 Bxe5 35. Bd4 Bxd4+ 36. Nxd4 Qb1+ 37. Kh2 Qe4 38. Qf6+ Kg8 39. Ne6 Qb7
40. Qf8# 1-0